| 000 | 00741nam a2200229 a 4500 | ||
|---|---|---|---|
| 005 | 20140310183609.0 | ||
| 008 | 120801s19uu xx 00 eng d | ||
| 020 | _a9781844452545 | ||
| 050 |
_aLB 1591.5.G7 _b.K49 2009 |
||
| 100 | _aKey, Paul | ||
| 245 |
_aTeaching primary art and design / _cPaul Key with Jayne Stillman. |
||
| 260 |
_aExeter, UK : : _bLearning Matters, _c2009. |
||
| 300 |
_a162 p. : _c25 cm. |
||
| 440 | _aAchieving QTS | ||
| 500 | _aIncludes bibliographical references and index | ||
| 521 | _aEDU | ||
| 650 |
_aArt _xStudy and teaching (Elementary) _xGreat Britain |
||
| 650 |
_aDesign _xStudy and teaching (Elementary) _xGreat Britain |
||
| 700 | _aStillman, Jayne | ||
| 942 |
_cBK _2lcc _kFOR |
||
| 999 |
_c25214 _d25214 |
||